02048nam a2200385 i 4500003000400000005001700004008004100021020001800062040002300080041000800103043001200111082001300123100004600136245007800182250002200260264007800282300004100360336002700401337003300428338002800461490002800489490001300517500064300530521004101173534002701214586003701241650004501278650004901323650003701372650003701409700003801446942001501484999001701499952014601516OSt20230310164921.0221212s2022 ck er 000 f spa  a9789587041859 bspaerdacCO-MqBPB aspa ae-po--- aANbSARe1 aSaramago, Joséd1922-2010eautor92349410aEnsayo sobre la lucidez/cJosé Saramago ; traducción de Pilar del Rio aPrimera edición aBogotá, ColombiabPenguin Random House Grupo EditorialbAlfaguarac2022 a423 páginasc22 cmbTapa Rústico atextobtxt2rdacontent asin mediaciónbn2rdamedia avolumenbnc2rdacarrier aNarrativa internacional aSaramago aDurante las elecciones municipales de una ciudad sin nombre, la mayoría de sus habitantes decide individualmente ejercer su derecho al voto de una manera inesperada. El gobierno teme que ese gesto, capaz de socavar los cimientos de una democracia degenerada, sea producto de una conjura anarquista internacional o de grupos extremistas desconocidos. Las cloacas del poder se ponen en marcha: los culpables tiene que ser eliminados. Y si no se hallan, se inventan. Con esta obra Saramago lanza una llamada de alerta: «Puede suceder que un día tengamos que preguntarnos quién ha firmado esto por mí». Ese día podría ser hoy.  aRecomendado para un público adulto tEnsayo sobre a lucidez aPremio nobel de literatura, 199817aNovela portuguesaySiglo XX2LEMB91024017aLiteratura portuguesaySiglo XX2LEMB91024117aAutores portugueses2LEMB91256317aEleccionesxNovela2LEMB92260521 aRio, Pilar deletraductora966336 2ddccBKLIT c14816d14816 00102ddc40708LAaBPMOSbBPMOScFICd2023-03-10l9m7oAN SARepMOS503032r2026-03-27s2026-03-05tEj. 1w2023-03-10yBKLITzQuince días